Normal view
MARC view
Entry Topical Term
001 - CONTROL NUMBER
- control field: 935
003 - CONTROL NUMBER IDENTIFIER
- control field: csc
005 - DATE AND TIME OF LATEST TRANSACTION
- control field: 20140507162054.0
008 - FIXED-LENGTH DATA ELEMENTS
- fixed length control field: 130304|| aca||aabn | a|a d
040 ## - CATALOGING SOURCE
- Original cataloging agency: csc
- Transcribing agency: csc
150 ## - HEADING--TOPICAL TERM
- Topical term or geographic name entry element: World War, 1914-1918
- General subdivision: Economic aspects.
670 ## - SOURCE DATA FOUND
- Source citation: Work cat.: (csc)0: Stevenson, D. (David), 1954- 1287, With our backs to the wall :, 2012, c2011.